000
00348nam a2200157Ia 4500
100
_a
Mukherjee/P.N
942
_c
BK
366
_f
25
654
_a
qualtiy management
245
_a
Total Quality Management
260
_b
Prentice -Hall of India
_c
2006
082
_a
658.562
_b
MUK
300
_a
418
546
_a
ENGLISH
_c
Info.Tech
999
_c
29209
_d
29209